000 01115cab a2200397 4500
001 ABS50620
008 090401t1994 xxu||||| |||| 00| 0 eng d
035 _a(Sirsi) u76699
041 _aeng
245 _aFocus `94: Dorset/South Wiltshire
260 _c1994
350 _a0
490 _aEstates Gazette
_v(9422) 4 June 1994, 77-106(17)
650 _aBOURNEMOUTH INTERNATIONAL AIRPORT
650 _aBOURNEMOUTH UNIVERSITY
650 _aBOURNEMOUTH
650 _aCHRISTCHURCH
650 _aDEFENCE LAND
650 _aDORCHESTER
650 _aDORSET
650 _aINDUSTRIAL MARKET
650 _aNEW TOWN
650 _aPROPERTY-COMMERCIAL PROPERTY-OFFICE PROPERTY-OFFICE PROPERTY MARKET
650 _aPOOLE
650 _aPROPERTY-COMMERCIAL PROPERTY-RETAIL PROPERTY-RETAIL PROPERTY MARKET
650 _aSALISBURY
650 _aTOURISM
650 _aTROWBRIDGE
650 _aWEST WILTSHIRE
650 _aWESTBURY BYPASS
650 _aWEYMOUTH
650 _aWILTSHIRE
690 _aPROPERTY-COMMERCIAL PROPERTY-COMMERCIAL PROPERTY MARKET
942 _n0
948 _c04/03/1997
999 _c48190
_d48190